000 00569nam a22001937a 4500
005 20170513134945.0
010 _aB-8450
020 _a8124201641
035 _aB-8450
037 _bDpl/CL
082 _a394.2
100 _aSingh, Chitralekha
245 _aHindu festivals, fairs and fasts /
_cby Chitralekha Singh [and] Prem Nath
260 _aNew Delhi
_bCrest Publishing House
_c1999(repr.)
300 _ax,214p. :
_bill.
_c21cm(pbk)
500 _aIncludes bibliographical references
700 _aPrem Nath
942 _2ddc
_cEN
_h394.2
_mSIN
999 _c139823
_d139823